000 00574pam a2200205 a 4500
001 2405827
005 20180206085036.0
008 860709s1987 nju 001 0 eng
010 _a 86018641
020 _a013555814X :
_c$35.95
040 _aDLC
_cDLC
_dDLC
041 _aeng
080 _a670.42/068 har
082 0 0 _a670.42/068 har
_219
100 1 _a54
101 _aman
245 1 0 _aManufacturing organization and management /
_cHarold T. Amrine, John A. Ritchey, Colin L. Moodie.
906 _a7
_bcbc
_corignew
_d1
_eocip
_f19
_gy-gencatlg
942 _2ddc
_cBK
999 _c41947
_d41947